000 00907nam a22002657a 4500
003 OSt
005 20180129133150.0
008 180129b xxu||||| |||| 00| 0 eng d
020 _a978-970-686-431-4 (ISBN 13)
020 _a970-686-431-8 (ISBN 10)
040 _cCRI
082 _a658.15
100 1 _98494
_aBrigham, Eugene F.
245 _aFundamentos de administración financiera
_cEugene F. Brigham, Joel F. Houston, Traducción José Carmen Pecina, Revisión técnica Fernanda Gomez Albert
250 _a10ª Ed.
260 _aMéxico, D.F.
_bGenage Learning
_c2005
300 _axxix, 899 p.
_c26 cm.
500 _aIncluye Apéndices.
500 _aIncluye Índices.
650 0 _95713
_aEmpresas
_xFinanzas
700 _942160
_aHouston, Joel F.‏
700 1 _93287
_aPecina Hernández, José Carmen
700 1 _98495
_aGómez Albert, María Fernanda
942 _2ddc
_cBK
_hprozim
999 _c28894
_d28894